Statistiken für Bilder nach Buchstabe - W

Klicken Sie hier um das Quiz zu spielen!

Allgemein

  • Dieses Quiz wurde 1,431 mal gespielt
  • Das Durchschnittsergebnis liegt bei 12 aus 16

Antwortstatistiken

Answer % Korrekt
Walnuss
98%
Wassermelone
97%
Wirbelsäule
95%
Waschbär
94%
Windmühle
93%
Weihnachten
92%
Washington
92%
Wikipedia
90%
Wales
83%
Whitney
73%
Waschbrett
73%
Wuppertal
66%
Wimbledon
64%
Wisconsin
61%
Wurmloch
38%
Wagner
28%

Verteilung der Resultate

Perzentil nach korrekt beantworteten Fragen

Anzahl Personen mit jedem Resultat

Ihre Resultats-Entwicklung

Sie haben dieses Quiz noch nicht gespielt